| 000 | 00790nam a2200253 a 4500 | ||
|---|---|---|---|
| 001 | 45072 | ||
| 003 | BD-RjUL | ||
| 005 | 20211209053947.0 | ||
| 008 | 160723s1983 nyu b 000 0 eng | ||
| 020 | _a0070374333 (pbk.) : | ||
| 035 | _a(BD-RjUL)45190 | ||
| 040 |
_aDLC _cDLC _dDLC _dBD-RjUL _beng |
||
| 041 | _aeng | ||
| 082 | 0 | 0 |
_a327.0904 _223 _bLEW 1983 |
| 100 |
_aLevine, Herbert M. _9138075 |
||
| 245 | 0 | 0 |
_aWorld politics debated : _ba reader in contemporary issues / _cHerbert M. Levine. |
| 260 |
_aNew York : _bMcGraw-Hill, _cc1983. |
||
| 300 |
_axvi, 393 p. ; _c24 cm. |
||
| 504 | _aIncludes bibliographies. | ||
| 650 | 0 |
_aWorld politics _y1975-1985. _9138076 |
|
| 650 | 0 |
_aInternational economic relations. _9138077 |
|
| 700 | 1 |
_aLevine, Herbert M. _9138078 |
|
| 942 |
_2ddc _cBK |
||
| 999 |
_c45072 _d45072 |
||